000 00802nam0a22002291 4500
001 rc\536843
005 20250621123152.0
035 _a(NLR Aleph) 005774309
090 _a5063077
_c5063076
100 _a20030616d1987 |||y0rusy50 ca
101 0 _arus
102 _aRU
105 _aa |||||||||
200 1 _aТамбов
_e[Фотоальбом
_fФотосъемка Э.Л. Эттингера
_gАвт.-сост. Г.И. Сельцер
_gАвт. текста В.Т. Дорожкина]
210 _aМ.
_cСов. Россия
_d1987
215 _a140, [3] с.
_cв основном цв. ил.
_d25
702 1 _aСельцер
_bГ.И.
_gГригорий Исакович
_4220
801 0 _aRU
_bNLR
_gpsbo
801 1 _aRU
_bELAR
_2rusmarc
852 _aNLR
_bЭ
_jАлТ63/2-Т173
942 _cBOOK
980 _aNB